[Event "Francophonie-chT Rapid"]
[Site "Tornelo INT"]
[Date "2022.06.04"]
[Round "3.8"]
[White "Bitca, Emilia"]
[Black "Kyriakides, Andreas"]
[Result "1-0"]
[WhiteElo "1427"]
[BlackElo "1117"]
[PlyCount "45"]
[EventDate "2022.06.04"]
[EventType "team-swiss (rapid)"]
[EventRounds "11"]
[EventCountry "FRA"]
[SourceTitle "CBM 208 Extra"]
[Source "ChessBase"]
[SourceDate "2022.07.31"]
[SourceVersion "1"]
[SourceVersionDate "2022.07.31"]
[SourceQuality "1"]
[WhiteTeam "Moldova"]
[BlackTeam "Cyprus"]
[WhiteTeamCountry "MDA"]
[BlackTeamCountry "CYP"]

1. e4 c5 2. Nf3 d6 3. d4 cxd4 4. Nxd4 Nf6 5. Nc3 g6 6. Be3 Bg7 7. Bc4 0-0 8. f3 Qb6 9. Bb3 Nc6 10. Nf5 Qc7 11. Nxg7 Kxg7 12. Qd2 Kg8 13. 0-0-0 a6 14. g4 b5 15. h4 b4 16. Nd5 Nxd5 17. Bxd5 Rb8 18. h5 Ne5 19. Qe2 a5 20. hxg6 Nxg6 21. Qh2 Rd8 22. Qxh7+ Kf8 23. Qxf7# 1-0

[Event "EU-ch Hybrid U12"]
[Site "Tornelo INT"]
[Date "2021.10.15"]
[Round "5"]
[White "Kyriakides, Andreas"]
[Black "Neronov, Mark V"]
[Result "0-1"]
[WhiteElo "1153"]
[BlackElo "1495"]
[PlyCount "72"]
[EventDate "2021.10.15"]
[EventType "swiss"]
[EventRounds "9"]
[EventCountry "NET"]
[SourceTitle "EXT 2023"]
[Source "ChessBase"]
[SourceDate "2022.10.05"]
[SourceVersion "1"]
[SourceVersionDate "2022.10.05"]
[SourceQuality "1"]
[WhiteTeam "Zypern"]
[BlackTeam "Russia"]
[WhiteTeamCountry "CYP"]
[BlackTeamCountry "RUS"]

1. e4 c6 2. d4 d5 3. Nc3 dxe4 4. Nxe4 Nf6 5. Nxf6+ exf6 6. Nf3 Bd6 7. Bc4 0-0 8. 0-0 Nd7 9. Re1 Nb6 10. Be2 Be6 11. b3 c5 12. Bb2 c4 13. h3 Rc8 14. c3 Qd7 15. Nd2 cxb3 16. axb3 Bxh3 17. gxh3 Qxh3 18. Bg4 Bh2+ 19. Kh1 Qh4 20. Bxc8 Bg3+ 21. Kg2 Qh2+ 22. Kf3 Qxf2+ 23. Ke4 Qxe1+ 24. Qxe1 Bxe1 25. Nf3 Bxc3 26. Bxc3 Rxc8 27. Rxa7 Rxc3 28. Rxb7 f5+ 29. Ke5 f6+ 30. Ke6 Re3+ 31. Kd6 Nc8+ 32. Kd7 Rxf3 33. Kxc8 Rd3 34. b4 Rxd4 35. b5 f4 36. Rd7 Rb4 0-1

[Event "Lympia Cyprus-ch op"]
[Site "Lympia"]
[Date "2020.01.06"]
[Round "1"]
[White "Markidou, Christianna"]
[Black "Kyriakides, Andreas"]
[Result "1-0"]
[WhiteElo "1759"]
[BlackElo "1239"]
[PlyCount "43"]
[EventDate "2020.01.05"]
[EventType "swiss"]
[EventRounds "9"]
[EventCountry "CYP"]
[SourceTitle "CBM 194 Extra"]
[Source "ChessBase"]
[SourceDate "2020.03.31"]
[SourceVersion "1"]
[SourceVersionDate "2020.03.31"]
[SourceQuality "1"]

1. e4 Nf6 2. Nc3 d5 3. e5 Nfd7 4. d4 Nb6 5. Nf3 c5 6. dxc5 N6d7 7. b4 a5 8. b5 Nxc5 9. Qxd5 e6 10. Qxd8+ Kxd8 11. a4 g6 12. Be3 Ncd7 13. Ne4 Bg7 14. 0-0-0 Ke7 15. Bg5+ Ke8 16. Nd6+ Kf8 17. Nxc8 Ke8 18. Bc4 h6 19. Nd6+ Kf8 20. Be3 Nxe5 21. Nxe5 Bxe5 22. Nxb7 1-0